Armenia. - 4.évf. (1890)
Elmentve itt :
| Dokumentumtípus: | Folyóirat |
|---|---|
| Megjelent: |
1890
|
| Sorozat: | Armenia : magyar-örmény havi szemle
4 |
| Online Access: | http://misc.bibl.u-szeged.hu/48395 |
| LEADER | 00445nas a2200133 i 4500 | ||
|---|---|---|---|
| 001 | misc48395 | ||
| 005 | 20200409155024.0 | ||
| 008 | 200409s1890 hu o 0|| zxx d | ||
| 040 | |a SZTE Miscellanea Repozitórium |b hun | ||
| 041 | |a zxx | ||
| 245 | 0 | 0 | |a Armenia. - 4.évf. (1890) |h [elektronikus dokumentum] |
| 260 | |c 1890 | ||
| 490 | 0 | |a Armenia : magyar-örmény havi szemle |v 4 | |
| 856 | 4 | 0 | |u http://misc.bibl.u-szeged.hu/48395/1/armenia_1890_xxx.pdf |z Dokumentum-elérés |